مكتبة جامعة عجلون الوطنية

فهرس بحث المكتبة

وسائل الدفع الإلكتروني = Electronic payment instruments  (Record no. 23922)

MARC details
000 -LEADER
fixed length control field 01178nam a2200229Ii 4500
003 - CONTROL NUMBER IDENTIFIER
control field JO-AjNU
005 - DATE AND TIME OF LATEST TRANSACTION
control field 20240623114106.0
008 - FIXED-LENGTH DATA ELEMENTS--GENERAL INFORMATION
fixed length control field 230605s9999||||xx |||||||||||||| ||und||
040 ## - CATALOGING SOURCE
Original cataloging agency JO-AjNU
Language of cataloging ara
Description conventions rda
Transcribing agency JO-AjNU
041 ## - LANGUAGE CODE
Language code of text/sound track or separate title ara
050 14 - LIBRARY OF CONGRESS CALL NUMBER
Classification number HG1710.S58.2005
100 3# - MAIN ENTRY--PERSONAL NAME
Personal name إعداد جلال عايد الشورة؛ إشراف إبراهيم العموش,
Relator term author
9 (RLIN) 46736
245 00 - TITLE STATEMENT
Title وسائل الدفع الإلكتروني = Electronic payment instruments 
264 31 - PRODUCTION, PUBLICATION, DISTRIBUTION, MANUFACTURE, AND COPYRIGHT NOTICE
Place of production, publication, distribution, manufacture عمان: جامعة عمان العربية ، 2005
300 ## - PHYSICAL DESCRIPTION
Extent 112 ورقة
336 ## - CONTENT TYPE
Content type term text
Content type code txt
Source rdacontent
337 ## - MEDIA TYPE
Media type term unmediated
Media type code n
Source rdamedia
338 ## - CARRIER TYPE
Carrier type term volume
Carrier type code nc
Source rdacarrier
500 ## - GENERAL NOTE
General note رسالة جامعية (ماجستير في القانون )--جامعة عمان العربية ، كلية الدراسات القانونية العليا ، 2005
650 #4 - SUBJECT ADDED ENTRY--TOPICAL TERM
Topical term or geographic name entry element الأوراق التجارية -- حاسبات إلكترونية -- البنوك -- معالجة البيانات إلكترونيا -- الأوراق التجارية -- قوانين و تشريعات -- بطاقات الائتمان -- قوانين و تشريعات
9 (RLIN) 46737
942 ## - ADDED ENTRY ELEMENTS (KOHA)
Source of classification or shelving scheme Library of Congress Classification
Koha item type Thesis
Holdings
Withdrawn status Lost status Source of classification or shelving scheme Damaged status Not for loan Home library Current library Shelving location Date acquired Total Checkouts Full call number Barcode Date last seen Price effective from Koha item type
    Library of Congress Classification     مكتبة جامعة عجلون الوطنية مكتبة جامعة عجلون الوطنية المراجع 06/06/2023   HG1710.S58.2005 A20354 06/06/2023 06/06/2023 Thesis